Members of DAY6 - Statistics

General Stats
  • This quiz has been taken 143 times
  • The average score is 3 of 5
Answer Stats
Answer % Correct
Young K
66%
Dowoon
65%
Wonpil
65%
Sungjin
56%
Jae Park
15%
No matching quizzes found
Score Distribution
Percent of People with Each Score
Percentile by Number Answered
Your Score History
You have not taken this quiz